000
00206nam a22000857a 4500
008
170127b xxu||||| |||| 00| 0 eng d
100
_9
2597
_a
Gupta.S.C.
245
_a
Physics-XI
260
_a
New Delhi
_b
Srijan
_c
2011
999
_c
5734
_d
5734